000 00317nam a2200133Ia 4500
008 240624s9999 xx 000 0 und d
041 _aeng
082 _a823 SAL
100 _aSALINGER J D
245 _aCATCHER IN THE RYE
260 _c2010
_aNew Delhi
_bPenguin Books India
300 _a192 : p.
365 _cRS
_b25
999 _c19251
_d19251